Stati più popolati degli Stati Uniti - Statistics

Statistiche generali
  • Questo quiz è stato fatto 39 volte
  • Il punteggio medio è 8 su 10
Statistiche sulle risposte
Popolazione (ab.) Stato federale % Corretto
39 577 000 California
100%
21 538 187 Florida
97%
20 201 249 New York
97%
29 145 505 Texas
97%
10 077 331 Michigan
74%
11 799 448 Ohio
74%
12 812 508 Illinois
71%
10 711 908 Georgia
69%
13 002 700 Pennsylvania
69%
10 439 388 Carolina del Nord
40%
Nessun quiz corrispondente trovato
Distribuzione punteggi
Percentuale di utenti per punteggio
Percentile per numero di risposta
I tuoi punteggi nel tempo
Non hai fatto questo quiz